| 000 | 00646nam a2200193Ia 4500 | ||
|---|---|---|---|
| 999 |
_c38099 _d38099 |
||
| 001 | 4087 | ||
| 003 | GE_BSU | ||
| 005 | 20190920145158.0 | ||
| 008 | 181216s1993||||ge |||||||||||||| ||geo|| | ||
| 040 | _cGE_BSU | ||
| 041 | _ageo | ||
| 080 | _a398(479.22) ფ-99 | ||
| 245 |
_aფშაური კაფია / _cშეადგინა გიგი ხორნაულმა. |
||
| 264 |
_aთბილისი : _bშემოქმედი, _c1993. |
||
| 300 |
_a101 გვ. ; _b19 სმ. |
||
| 653 | _aლექსები | ||
| 700 |
_aხორნაული, გიგი _eშემდგენელი _94186 |
||
| 942 |
_cBK _2udc |
||